| 000 | 00514nam a2200181Ia 4500 | ||
|---|---|---|---|
| 003 | GCL | ||
| 008 | 140319s9999 xx 000 0 eng d | ||
| 040 |
_aGCL / _cGCL |
||
| 082 | 0 | 4 |
_a810.9 _bP C |
| 100 | 1 | _aPROGRESS PUBLISHERS | |
| 245 | 1 | 0 |
_a20th CENTURY AMERICAN LITERATURE: A SOVIET VIEW / _cPROGRESS PUBLISHERS |
| 260 |
_a[S.N] : _bPROGRESS PUBLISHERS ، _c1976 |
||
| 300 | _a527 P | ||
| 650 | 0 | 4 | _aLITERATURE |
| 650 | 0 | 4 | _aAMERICAN LITERATURE |
| 650 | 0 | 4 | _aAMERICAN LITERATURE-CRITICISM |
| 942 |
_2ddc _cBK |
||
| 999 |
_c15782 _d15782 |
||